000 00428nam a2200181Ia 4500
001 2084
005 20260306143816.0
008 260306t2011||||xx |||||||||||||| ||spa||
041 _aESP
082 _a612.78
_bQ68
100 _aQuiñones, Carmen
_eAUT
245 0 _aTécnicas para el cuidado de la voz
260 _c2011
300 _a275 páginas :
_c24 cm.
650 _aGEN
654 _aCPS
942 _cLIB
_dJUS
_fJUS
_2ddc
_n
999 _c2084
_d2084